Olympia 2024 - TOP 20 Länder - Statistiken

Allgemein
  • Dieses Quiz wurde 412 mal gespielt
  • Das Durchschnittsergebnis liegt bei 12 aus 20
Antwortstatistiken
# Nation % Korrekt
33 Deutschland
98%
126 Vereinigte Staaten
98%
91 China
97%
64 Frankreich
91%
45 Japan
87%
18 Spanien
82%
40 Italien
78%
27 Kanada
72%
53 Australien
67%
20 Brasilien
63%
34 Niederlande
62%
65 Großbritannien
61%
32 Südkorea
56%
11 Schweden
51%
20 Neuseeland
27%
11 Kenia
23%
12 Ukraine
21%
19 Ungarn
12%
12 Iran
5%
13 Usbekistan
4%
Keine übereinstimmenden Quizze gefunden
Verteilung der Resultate
Anzahl Personen mit jedem Resultat
Perzentil nach korrekt beantworteten Fragen
Ihre Resultats-Entwicklung
Sie haben dieses Quiz noch nicht gespielt